000 00771cam a2200241 a 4500
001 000011770
003 DO-SdBNP
005 20250617094615.0
008 811221s1969 ve a b 001 0 spa
040 _aDO-SdBNP
_bspa
_cBNPHU
049 _aBNGR
082 _a401.9
_bU74n
100 1 _aUrdaneta, Josefina.
_927839
245 1 3 _aEl niño y la palabra :
_bel lenguaje como juego : ensayo y compilación /
_cJosefina Urdaneta.
260 _aCaracas :
_bMonte Avila,
_c1969.
300 _a226 p. :
_bil. ;
_c24 cm.
490 1 _aTemas Venezolanos
650 7 _aPsicolingüística
_927843
650 7 _aLenguaje de los niños
_xColecciones de escritos
_927841
_2LEMB
830 0 _aTemas Venezolanos
_96823
910 _aCatalogación por copia / LC
942 _2ddc
_cLBS1
999 _c11444
_d11444